| 000 | 00955nam a2200277Ia 4500 | ||
|---|---|---|---|
| 008 | 130821s1997 ck gr spa | ||
| 020 | _a9589333435 | ||
| 040 |
_aCo-BoUCM _bspa |
||
| 041 | 0 | 0 | _aspa |
| 100 | 1 | _aHernandez Quintero, Hernando A. | |
| 245 | 1 | 3 |
_aEl lavado de activos _cHernando A. Hernáandez Quintero |
| 250 | _a2a. ed. | ||
| 260 |
_aBogotá (Cundinamarca, Colombia) _bEdiciones Gustavo Ibañez _c1997 |
||
| 300 | _a122 páginas | ||
| 490 | _aVocatio in jus | ||
| 504 | _aIncluye bibliografía | ||
| 650 | 0 | 4 |
_aDerecho penal _912805 |
| 650 | 0 | 4 |
_aDerecho penal _zColombia _912805 |
| 650 | 0 | 4 |
_aLavado de dinero _918294 |
| 650 | 0 | 4 |
_aLavado de dinero _xLegislación _918294 |
| 650 | 0 | 4 |
_aLavado de dinero _xLegislación _zColombia _918294 |
| 650 | 0 | 4 |
_aNarcotráfico _920085 |
| 650 | 0 | 4 |
_aNarcotráfico _xLegislación _zColombia _920085 |
| 942 |
_cLIBRO _a8 _e2 _mH37 _2DEWEY _h364.157 |
||
| 999 |
_c22126 _d22126 |
||